000 00342 a2200133 4500
000 nam a22 7a 4500
100 _aPrice, Valerie C.
110 _aPrice, Valerie C.
245 _aBotanical Illustration
250 _aLatest edition
260 _bBloomsbury Publishing
_c2019
264 _bBloomsbury Publishing
_c2019
942 _cBK
999 _c396042
_d396042